Čo znamená mediálny fullservis?
Media Impact ako prvá mediálna agentúra na Slovensku (od r. 1994). Charakteristika fullservisovej mediálnej agentúry. Mediálna stratégia, mediálny plán, nákup médií. Výhody mediálneho fullservisu pre klientov.
Na minha lista:
| Autor principal: | |
|---|---|
| Formato: | Capítulo de Livro |
| Idioma: | eslovaco |
| Assuntos: | |
| Tags: |
Sem tags, seja o primeiro a adicionar uma tag!
|
MARC
| LEADER | 00000naa a2200000 4500 | ||
|---|---|---|---|
| 001 | r028206 | ||
| 005 | 20230921082100.2 | ||
| 041 | 0 | |a slo | |
| 044 | |a SK | ||
| 245 | 1 | 0 | |a Čo znamená mediálny fullservis? |c A. Urbanovská |
| 520 | |a Media Impact ako prvá mediálna agentúra na Slovensku (od r. 1994). Charakteristika fullservisovej mediálnej agentúry. Mediálna stratégia, mediálny plán, nákup médií. Výhody mediálneho fullservisu pre klientov. | ||
| 610 | 2 | 0 | |a médiá |
| 610 | 2 | 0 | |a stratégia marketingová |
| 610 | 2 | 0 | |a plán marketingový |
| 610 | 2 | 0 | |a nákup |
| 610 | 2 | 0 | |a reklama |
| 610 | 2 | 0 | |a servis |
| 610 | 2 | 0 | |a komunikácia |
| 610 | 2 | 0 | |a Media Impact |
| 610 | 2 | 0 | |a Slovensko |
| 100 | 1 | |a Urbanovská, Andrea | |